Click a Nick Quiz Stats

 Plays Quiz Updated Jan 13, 2016

Also try: Click a Bill
Challenge
Share
Tweet
Embed
Score 0/18 Timer 04:00
12 Plays Today
% Correct
Saint Nicholas
91.5%
Cage
88.2%
Jonas
86.7%
Copernicus
80.5%
Sparks
74.6%
Cannon
73.2%
Nolte
72.4%
Machiavelli
72.4%
Fury
72.3%
% Correct
Offerman
68%
Lachey
65.1%
Paganini
60.9%
Saban
60.8%
Swisher
52.9%
Hornby
52.1%
Stokes
48.7%
Flamel
47.9%
Batum
34.9%

You're not logged in!

Compare scores with friends on all Sporcle quizzes.
Join for Free
OR
Log In

You Might Also Like...

Show Comments

Extras

Top Quizzes Today


Score Distribution

Your Account Isn't Verified!

In order to create a playlist on Sporcle, you need to verify the email address you used during registration. Go to your Sporcle Settings to finish the process.

Report this User

Report this user for behavior that violates our Community Guidelines.

Details: